[Event "AUTO-INT-813"]
[Site "http://www.queenalice.com/game.php?id=456875"]
[Date "2008.9.1"]
[Round "2"]
[White "rvc22"]
[Black "wonderknight"]
[Result "1-0"]
[WhiteElo "1424"]
[BlackElo "1879"]

1. Nc3 e5 2. d4 exd4 3. Qxd4 Nc6 4. Bh6 Nxd4 5. O-O-O Nf5 6. Bf4 Nf6 7. Nb5 d6
8. f3 Bd7 9. e4 Nh6 10. Nh3 Bxh3 11. gxh3 a6 12. Nd4 Be7 13. b4 Nd7 14. Bxh6
gxh6 15. b5 axb5 16. Nxb5 Rxa2 17. Bc4 Bg5+ 18. Kb1 Ra5 19. f4 Bxf4 20. Rhf1 1-0

[Event "AUTO-INT-813"]
[Site "http://www.queenalice.com/game.php?id=456876"]
[Date "2008.9.1"]
[Round "2"]
[White "wonderknight"]
[Black "rvc22"]
[Result "0-1"]
[WhiteElo "1849"]
[BlackElo "1454"]

1. d4 c5 2. dxc5 Qa5+ 3. Nc3 Qxc5 4. Nf3 d5 5. Nxd5 Bg4 6. e3 e6 7. Bb5+ Nd7 8.
Bxd7+ Kxd7 9. Nf6+ Ke7 10. Nxg4 Nf6 11. Nxf6 gxf6 12. Qd4 Qxc2 13. O-O Rd8 14.
Qb4+ Ke8 15. Qb5+ Rd7 16. Bd2 Bh6 17. Rac1 Qe4 18. Rc8+ Ke7 19. Qc5+ Rd6 20.
Rc7+ Ke8 0-1

[Event "Prepare for an enjoyable game!"]
[Site "http://www.queenalice.com/game.php?id=465125"]
[Date "2008.9.18"]
[Round "-"]
[White "hildanknight"]
[Black "wonderknight"]
[Result "1-0"]
[WhiteElo "1934"]
[BlackElo "1957"]

1. c4 e5 2. g3 Nc6 3. Bg2 Nf6 4. Nc3 Bc5 5. d3 d6 6. Bg5 h6 7. Bxf6 Qxf6 8. e3
Bf5 9. Nd5 Qd8 10. Bh3 Be6 11. Nc3 O-O 12. Qh5 Nb4 13. O-O-O Qf6 14. Ne4 Qe7 15.
a3 1-0

[Event "AUTO-ADV-1227"]
[Site "http://www.queenalice.com/game.php?id=543444"]
[Date "2009.2.20"]
[Round "1"]
[White "wonderknight"]
[Black "Cristianopesoa"]
[Result "1-0"]
[WhiteElo "1807"]
[BlackElo "1755"]

1. e4 e5 2. Nf3 Nc6 3. Bb5 Bc5 4. c3 d6 5. d4 exd4 6. cxd4 Bb4+ 7. Nc3 Bg4 8. d5
a6 9. Bxc6+ bxc6 10. dxc6 Qf6 11. O-O Bxf3 12. Qxf3 Qxf3 13. gxf3 Nf6 14. Nd5
Nxd5 15. exd5 O-O 16. a3 Bc5 17. b4 Bd4 18. Ra2 Rfe8 19. Rd2 Be5 20. Kg2 Bf4 21.
Rd4 Bxc1 22. Rxc1 Re5 23. Rc3 Rae8 24. Rd2 Rg5+ 25. Kf1 h6 26. Re3 Rxe3 27. fxe3
f6 28. a4 Rh5 29. Kg2 Rh4 30. e4 g5 31. b5 g4 32. bxa6 gxf3+ 33. Kxf3 Rh3+ 34.
Kg4 Ra3 35. Rd4 Kg7 36. a7 Kg6 37. a8=Q h5+ 38. Kh4 Rf3 39. Qg8+ Kh6 40. Qh8+
Kg6 41. Qxh5+ Kg7 42. Qxf3 Kg6 43. Qf5+ Kf7 44. Rb4 Kg7 45. Kh5 Kf7 46. Kh6 Ke7
47. Kg6 Ke8 48. Qe6+ Kd8 49. Qd7# 1-0

[Event "AUTO-ADV-1227"]
[Site "http://www.queenalice.com/game.php?id=543445"]
[Date "2009.2.20"]
[Round "1"]
[White "Cristianopesoa"]
[Black "wonderknight"]
[Result "1-0"]
[WhiteElo "1744"]
[BlackElo "1821"]

1. e4 c5 2. Bc4 e6 3. Nc3 a6 4. Nf3 Nc6 5. d3 b5 6. Bg5 Be7 7. Bxe7 Ngxe7 8. Bb3
Bb7 9. a3 O-O 10. O-O Rc8 11. Ng5 h6 12. Nh3 d5 13. Nf4 Qd6 14. exd5 exd5 15.
Nfxd5 Nxd5 16. Nxd5 Nd4 17. Qh5 Nxb3 18. Rae1 Bxd5 19. cxb3 Bxb3 20. h3 Qxd3 21.
Re3 Qc2 22. Rfe1 Bc4 23. Qg4 Be6 24. Qf4 Qc4 25. Re4 Qb3 26. Qe5 Qd5 27. Qxd5
Bxd5 28. Re7 a5 29. Rc1 Bc4 30. Re5 Rfe8 31. Rf5 g6 32. Rf6 Re2 33. Ra6 a4 34.
g4 Rd8 35. Rc6 Rdd2 36. Rf6 Rxb2 37. h4 Re4 38. g5 Rg4+ 39. Kh2 Rxh4+ 40. Kg3
hxg5 41. Rd1 Rb3+ 42. Kg2 Rxa3 43. f3 Rf4 44. Rd8+ Kg7 45. Rxf4 gxf4 46. Kh3
Rxf3+ 47. Kg4 Be2 48. Rd5 Rd3+ 49. Kxf4 Rxd5 50. Ke4 Rd3 51. Kf4 f6 52. Ke4 c4
53. Kf4 g5+ 54. Kf5 g4 55. Ke4 g3 56. Kf4 g2 57. Ke4 g1=Q 58. Kf4 1-0

[Event "AUTO-ADV-1227"]
[Site "http://www.queenalice.com/game.php?id=543448"]
[Date "2009.2.20"]
[Round "1"]
[White "wonderknight"]
[Black "oliver26"]
[Result "0-1"]
[WhiteElo "1797"]
[BlackElo "1858"]

1. e4 e6 2. d4 d5 3. Nc3 dxe4 4. Nxe4 Nd7 5. Nf3 Ngf6 6. Bd3 Nxe4 7. Bxe4 Nf6 8.
Bg5 Be7 9. Bxf6 Bxf6 10. O-O O-O 11. Qd3 h6 12. c3 Rb8 13. Rad1 b6 14. h3 Bb7
15. Rfe1 Bxe4 16. Qxe4 Qd5 17. Qxd5 exd5 18. Re2 Rfe8 19. Rde1 Kf8 20. Ne5 Bxe5
21. Rxe5 f6 22. R5e3 Rxe3 23. Rxe3 Re8 24. Rxe8+ Kxe8 25. f4 g6 26. Kf2 c5 27.
dxc5 bxc5 28. Ke3 Ke7 29. g3 a5 30. b3 Kd6 31. Kd3 h5 32. h4 Kc6 33. Ke3 Kb5 34.
f5 gxf5 35. Kf4 d4 36. cxd4 cxd4 37. Kxf5 d3 38. Kxf6 d2 0-1

[Event "AUTO-ADV-1227"]
[Site "http://www.queenalice.com/game.php?id=543449"]
[Date "2009.2.20"]
[Round "1"]
[White "oliver26"]
[Black "wonderknight"]
[Result "0-1"]
[WhiteElo "1849"]
[BlackElo "1766"]

1. d4 d5 2. Nf3 Nc6 3. c3 f6 4. Bf4 Bf5 5. e3 Qd7 6. Bd3 O-O-O 7. O-O g5 8. Bg3
h5 9. h3 g4 10. Bxf5 e6 11. Bd3 gxf3 12. Qxf3 Bd6 13. Nd2 e5 14. Qxd5 h4 15. Bh2
Nge7 16. Qf3 f5 17. dxe5 Bxe5 18. Bxf5 Bxh2+ 19. Kxh2 Nxf5 20. Ne4 Rdf8 21. Qe2
Qe6 22. Ng5 Qg6 23. Qg4 Kb8 24. Nf3 Qxg4 25. hxg4 Nh6 26. Kh3 Ne7 27. Nxh4 Nf7
28. g3 Ng6 29. Rh1 Nfe5 30. Kg2 Nxh4+ 31. gxh4 Nxg4 32. Raf1 Rhg8 0-1

[Event "Challenge"]
[Site "http://www.queenalice.com/game.php?id=547453"]
[Date "2009.2.27"]
[Round "-"]
[White "sejalivre"]
[Black "wonderknight"]
[Result "1-0"]
[WhiteElo "1602"]
[BlackElo "1789"]

1. e4 c5 2. d3 Nc6 3. Bf4 e5 4. Bg3 d6 5. Nf3 Bg4 6. Be2 Nf6 7. h3 Bxf3 8. Bxf3
Be7 9. O-O O-O 10. c3 b5 11. a4 b4 12. Nd2 a5 13. Nc4 Qc7 14. Qd2 Rab8 15. cxb4
axb4 16. h4 Nd4 17. Bd1 h6 18. a5 Nh7 19. Nb6 f5 20. exf5 Nxf5 21. Nd5 Qb7 22.
Bf3 Qd7 23. a6 Bxh4 24. Nb6 Rxb6 25. a7 Nxg3 26. fxg3 Bxg3 27. a8=Q Rxa8 28.
Rxa8+ Nf8 29. Bd5+ Kh7 30. Raxf8 1-0

[Event "Challenge"]
[Site "http://www.queenalice.com/game.php?id=570331"]
[Date "2009.4.11"]
[Round "-"]
[White "ORNELAS"]
[Black "wonderknight"]
[Result "0-1"]
[WhiteElo "1686"]
[BlackElo "1797"]

1. d4 d5 2. e3 e5 3. Nf3 e4 4. Ne5 Nf6 5. c4 c5 6. Qa4+ Nc6 7. Nxc6 bxc6 8.
Qxc6+ Bd7 9. Qa6 Qb6 10. Qxb6 axb6 11. dxc5 Bxc5 12. b3 d4 13. Bb2 dxe3 14. Bxf6
exf2+ 15. Kd2 gxf6 16. h3 e3+ 17. Ke2 Bd4 18. Nc3 Bxc3 19. Rb1 Bd2 20. a4 O-O
21. g4 Bc6 22. Rh2 Be4 23. Rb2 Rfd8 24. Bg2 Bd3+ 25. Kd1 f1=Q+ 26. Bxf1 Bxf1 27.
Kc2 e2 28. Rf2 e1=Q 29. Rxf6 Qc1# 0-1

[Event "Be0wulf"]
[Site "http://www.queenalice.com/game.php?id=590664"]
[Date "2009.5.19"]
[Round "2"]
[White "kasker"]
[Black "wonderknight"]
[Result "1-0"]
[WhiteElo "2407"]
[BlackElo "1809"]

1. e4 e5 2. Nf3 Nc6 3. Bb5 a6 4. Ba4 Nf6 5. d4 exd4 6. O-O Nxe4 7. Re1 d5 8.
Nxd4 Bd6 9. Nxc6 Bxh2+ 10. Kh1 Qh4 11. Rxe4+ dxe4 12. Qd8+ Qxd8 13. Nxd8+ Kxd8
14. Kxh2 c6 15. Nc3 f5 16. Bg5+ Kc7 17. Bf4+ Kd8 18. Rd1+ Ke7 19. Bg5+ Kf7 20.
Bb3+ Kg6 21. Be7 Re8 22. Rd6+ Kh5 23. Bf7+ 1-0